LEADER 01288nam 2200421 450 001 9910156163103321 005 20180109134937.0 010 $a1-5361-0648-8 035 $a(CKB)3710000000985517 035 $a(MiAaPQ)EBC4789237 035 $a(EXLCZ)993710000000985517 100 $a20161121h20172017 uy| 0 101 0 $aeng 135 $aurcnu|||||||| 181 $2rdacontent 182 $2rdamedia 183 $2rdacarrier 200 10$aDry powder inhalers $eformulation, device and characterization /$fTeerapol Srichana 210 1$aHauppauge, NY :$cNova Science Publishers, Incorporated,$d[2017] 210 4$dİ2017 215 $a1 online resource (230 pages) $cillustrations 225 1 $aPharmacology - research, safety testing and regulation 311 $a1-5361-0641-0 320 $aIncludes bibliographical references and index. 410 0$aPharmacology-research, safety testing, and regulation series. 606 $aInhalers 606 $aPharmacology 615 0$aInhalers. 615 0$aPharmacology. 676 $a615.8/36 700 $aSrichana$b Teerapol$01244529 801 0$bMiAaPQ 801 1$bMiAaPQ 801 2$bMiAaPQ 906 $aBOOK 912 $a9910156163103321 996 $aDry powder inhalers$92886907 997 $aUNINA LEADER 01157nam 2200409 450 001 9910787430703321 005 20200520144314.0 035 $a(CKB)3710000000355134 035 $a(MiAaPQ)EBC4357227 035 $a(Au-PeEL)EBL4357227 035 $a(CaPaEBR)ebr11283431 035 $a(OCoLC)906129047 035 $a(EXLCZ)993710000000355134 100 $a20161024h20142014 uy 0 101 0 $aeng 135 $aurcnu|||||||| 181 $2rdacontent 182 $2rdamedia 183 $2rdacarrier 200 00$a1000 Chefs-duvre de la peinture /$fVictoria Charles [and three others] 210 1$aNew York :$cConfidential Concepts,$d[2014] 210 4$d{copy}[2014] 215 $a1 online resource (1,239 pages) $cillustrations 300 $aIncludes index. 311 $a1-84484-254-1 517 3 $aOne thousand Chefs-duvre de la peinture 606 $aPainting 615 0$aPainting. 676 $a745.723 702 $aCharles$b Victoria 801 0$bMiAaPQ 801 1$bMiAaPQ 801 2$bMiAaPQ 906 $aBOOK 912 $a9910787430703321 996 $a1000 Chefs-duvre de la peinture$93743877 997 $aUNINA